000 00655nab a2200181 4500
001 244442
003 OSt
005 20231128135720.0
007 tu
008 200917s2020|||||||
040 _aDE-2950
_cDE-2950
245 0 0 _aBier brauen, Gelände vermessen und an E-Autos schrauben
_bAzubimesse. Unternehmen aus Ostbrandenburg , darunter Tesla, die Klosterbrauerei Neuzelle und ASRC-Greenlab, buhlten in Frankfurt (Oder) um Nachwuchs/
_cRené Matschkowiak
264 _c2023
653 _aFrankfurt (Oder)
653 _aAusbildungsmesse
773 0 _g34. Jahrgang (2023) Nr. 276 vom 27.11.2023, S. 11, mit Foto;
_tMärkische Oderzeitung
942 _2z
_cA
999 _c372848
_d372848